[Event "Aut_chT1112"]
[Site "Jenbach"]
[Date "2012.03.03"]
[Round "6"]
[Board "4"]
[White "Vyskocil, Neklan"]
[Black "Bischoff, Klaus"]
[Result "1/2-1/2"]
[WhiteElo "2320"]
[BlackElo "2521"]
[PlyCount "81"]
[EventDate "2012.01.20"]
[EventType "team"]
[EventRounds "11"]
[EventCountry "AUT"]
[WhiteTeam "SK Zwettl"]
[BlackTeam "SK Sparkasse Jenbach"]

1. d4 e6 2. Nf3 Nf6 3. c4 b6 4. g3 Bb4+ 5. Bd2 Be7 6. Bg2 Bb7 7. O-O O-O 8. Qc2
c6 9. c5 bxc5 10. dxc5 a5 11. Ne5 Ba6 12. Re1 Qc7 13. Nd3 Qa7 14. Rc1 Nd5 15.
e4 Bxd3 16. Qxd3 Nf6 17. Qc2 Na6 18. Bxa5 Bxc5 19. Bc3 Ng4 20. Be1 f5 21. Qe2
Nf6 22. Nc3 fxe4 23. Nxe4 Bd4 24. Rd1 Nd5 25. Rac1 Nac7 26. a3 g6 27. Rc2 Bg7
28. Nc3 Rf7 29. Nxd5 exd5 30. Bc3 Raf8 31. Bxg7 Rxf2 32. Qxf2 Rxf2 33. Rxf2
Kxg7 34. Re1 Ne6 35. h4 Qd4 36. Bh3 Nc5 37. Re7+ Kg8 38. Re8+ Kg7 39. Re7+ Kg8
40. Re8+ Kg7 41. Re7+ 1/2-1/2

[Event "Aut_chT1112"]
[Site "Jenbach"]
[Date "2012.03.03"]
[Round "6"]
[Board "5"]
[White "Boensch, Uwe"]
[Black "Buchnicek, Petr"]
[Result "1-0"]
[WhiteElo "2530"]
[BlackElo "2330"]
[PlyCount "81"]
[EventDate "2012.01.20"]
[EventType "team"]
[EventRounds "11"]
[EventCountry "AUT"]
[WhiteTeam "SK Sparkasse Jenbach"]
[BlackTeam "SK Zwettl"]

1. d4 f5 2. g3 Nf6 3. Bg2 e6 4. Nf3 d5 5. b3 c6 6. O-O Bd6 7. Ba3 O-O 8. c4 b6
9. Qc2 Bxa3 10. Nxa3 Qd6 11. c5 bxc5 12. Qxc5 Qxc5 13. dxc5 a5 14. Nc2 Nfd7 15.
Rac1 e5 16. Ne3 Na6 17. Rfd1 Rb8 18. Ng5 Ndxc5 19. Nxd5 cxd5 20. Bxd5+ Kh8 21.
Nf7+ Rxf7 22. Bxf7 Bb7 23. Bd5 g6 24. Bxb7 Rxb7 25. Rd5 Rc7 26. Rxe5 Kg7 27.
Rd5 Kf7 28. Rd6 Ke7 29. Rb6 Ne6 30. Rxc7+ Nexc7 31. a3 Kd7 32. b4 a4 33. h4 Kc8
34. h5 gxh5 35. Rf6 Kb7 36. Rxf5 Kb6 37. Ra5 Nb5 38. Rxa4 Nb8 39. Ra8 Kb7 40.
Ra5 Kb6 41. a4 1-0

[Event "Aut_chT1112"]
[Site "Jenbach"]
[Date "2012.03.03"]
[Round "6"]
[Board "6"]
[White "Wagner, Stefan"]
[Black "Reich, Thomas"]
[Result "1/2-1/2"]
[WhiteElo "2156"]
[BlackElo "2388"]
[PlyCount "86"]
[EventDate "2012.01.20"]
[EventType "team"]
[EventRounds "11"]
[EventCountry "AUT"]
[WhiteTeam "SK Zwettl"]
[BlackTeam "SK Sparkasse Jenbach"]

1. c4 Nf6 2. g3 g6 3. Bg2 Bg7 4. Nc3 O-O 5. e4 d6 6. Nge2 c5 7. a3 Nc6 8. Rb1
Bg4 9. d3 Ne8 10. h3 Bxe2 11. Nxe2 Nc7 12. b4 b6 13. O-O Ne6 14. Be3 Ned4 15.
Kh2 Nxe2 16. Qxe2 Qc7 17. f4 e6 18. h4 Nd4 19. Qd2 Rae8 20. Bh3 f5 21. bxc5
dxc5 22. e5 Nc6 23. Bg2 h5 24. Qc2 Rd8 25. Rfd1 Rf7 26. Qa4 Nd4 27. Rd2 Rfd7
28. Rbd1 Bf8 29. Rb1 Be7 30. Rbd1 Kf7 31. Bf2 Rc8 32. Be3 Rdd8 33. Bf2 Qd7 34.
Qxd7 Rxd7 35. Rb1 Nc6 36. Bxc6 Rxc6 37. Kg2 Ke8 38. Kf3 Rb7 39. a4 Rcc7 40. Rb3
Kd7 41. Rdb2 Kc6 42. Ke2 Rd7 43. Rb1 Bd8 1/2-1/2

[Event "Aut_chT1112"]
[Site "Jenbach"]
[Date "2012.03.03"]
[Round "6"]
[Board "2"]
[White "Zelbel, Patrick"]
[Black "Balogh, Csaba"]
[Result "0-1"]
[WhiteElo "2379"]
[BlackElo "2664"]
[PlyCount "82"]
[EventDate "2012.01.20"]
[EventType "team"]
[EventRounds "11"]
[EventCountry "AUT"]
[WhiteTeam "SpGem. Kufstein Woergl"]
[BlackTeam "SK Advisory Invest Baden"]

1. e4 e5 2. f4 exf4 3. Nf3 Ne7 4. d4 d5 5. Nc3 dxe4 6. Nxe4 Nbc6 7. Bd3 Nd5 8.
c4 Ne3 9. Bxe3 fxe3 10. d5 Nb4 11. Bb1 c6 12. Nc3 cxd5 13. cxd5 Bg4 14. a3 Na6
15. Qd4 Bxf3 16. gxf3 Be7 17. Rg1 Bf6 18. Qxe3+ Kf8 19. Be4 Rc8 20. Rc1 g6 21.
Kf1 Kg7 22. Kg2 Re8 23. Kh1 Nc5 24. Rcd1 Qd6 25. Rg2 a6 26. b4 Nd7 27. Ne2 Kh8
28. Ng3 Be5 29. Qh6 Bf4 30. Qh3 Nf6 31. Bb1 Rc3 32. Re2 Bxg3 33. Qxg3 Qxg3 34.
Rxe8+ Nxe8 35. hxg3 Nd6 36. Kg2 Rxa3 37. Rd4 Kg7 38. g4 Ra1 39. Be4 Ra2+ 40.
Kg3 Kf6 41. f4 Rd2 0-1

[Event "Aut_chT1112"]
[Site "Jenbach"]
[Date "2012.03.03"]
[Round "6"]
[Board "4"]
[White "Neuschmied, Siegfried"]
[Black "Jankovic, Alojzije"]
[Result "0-1"]
[WhiteElo "2308"]
[BlackElo "2553"]
[PlyCount "82"]
[EventDate "2012.01.20"]
[EventType "team"]
[EventRounds "11"]
[EventCountry "AUT"]
[WhiteTeam "SpGem. Kufstein Woergl"]
[BlackTeam "SK Advisory Invest Baden"]

1. e4 c5 2. Nf3 d6 3. Bb5+ Nd7 4. d4 cxd4 5. Qxd4 a6 6. Ba4 Ngf6 7. e5 dxe5 8.
Nxe5 e6 9. O-O b5 10. Nxd7 Qxd7 11. Qxd7+ Nxd7 12. Bb3 Nc5 13. Nd2 Bb7 14. a4
Nxb3 15. Nxb3 b4 16. Be3 Rc8 17. Rfc1 Bd5 18. Nd2 Bd6 19. c4 bxc3 20. bxc3 Ke7
21. c4 Bc6 22. Nb3 e5 23. Na5 Bb4 24. Bb6 Ke6 25. Nb3 Ba8 26. a5 Be7 27. Ra4 f5
28. Re1 g5 29. f3 Kf6 30. Rc1 h5 31. Ra2 Rhg8 32. Be3 Kf7 33. Re2 Rgd8 34. Bb6
Rd3 35. Re3 Rxe3 36. Bxe3 g4 37. f4 Rd8 38. Nd2 Rd3 39. Nf1 Rxe3 40. Nxe3 Bc5
41. Kf1 Bxe3 0-1

[Event "Aut_chT1112"]
[Site "Jenbach"]
[Date "2012.03.03"]
[Round "6"]
[Board "5"]
[White "Shengelia, David"]
[Black "Maurer, Jochen"]
[Result "1-0"]
[WhiteElo "2558"]
[BlackElo "2276"]
[PlyCount "93"]
[EventDate "2012.01.20"]
[EventType "team"]
[EventRounds "11"]
[EventCountry "AUT"]
[WhiteTeam "SK Advisory Invest Baden"]
[BlackTeam "SpGem. Kufstein Woergl"]

1. d4 Nf6 2. Bg5 e6 3. e4 c5 4. d5 d6 5. Nc3 Be7 6. Bb5+ Bd7 7. dxe6 fxe6 8. a4
O-O 9. Nf3 Nc6 10. O-O Ng4 11. Bxe7 Qxe7 12. h3 Nge5 13. Nxe5 Nxe5 14. Qd2 Bc6
15. f4 Ng6 16. a5 Rad8 17. a6 Bxb5 18. Nxb5 bxa6 19. Rxa6 Qb7 20. Rxd6 Rxd6 21.
Nxd6 Qxb2 22. g3 Ne7 23. Nc4 Qd4+ 24. Qxd4 cxd4 25. Ra1 Rc8 26. Ra4 Nc6 27. Nd6
Rd8 28. e5 a5 29. Kf2 Ra8 30. Ke2 Nb4 31. Kd2 Nd5 32. Nb5 Ne3 33. Kd3 Nd1 34.
Kxd4 Rc8 35. c4 Nb2 36. Nd6 Nxa4 37. Nxc8 Kf8 38. c5 Ke8 39. Nb6 Nb2 40. c6 Kd8
41. f5 a4 42. fxe6 a3 43. e7+ Kxe7 44. c7 a2 45. c8=Q a1=Q 46. Nd5+ Kf7 47.
Qf5+ 1-0

[Event "Aut_chT1112"]
[Site "Jenbach"]
[Date "2012.03.03"]
[Round "6"]
[Board "6"]
[White "Rusche, Johannes"]
[Black "Lendwai, Reinhard"]
[Result "0-1"]
[WhiteElo "2233"]
[BlackElo "2395"]
[PlyCount "84"]
[EventDate "2012.01.20"]
[EventType "team"]
[EventRounds "11"]
[EventCountry "AUT"]
[WhiteTeam "SpGem. Kufstein Woergl"]
[BlackTeam "SK Advisory Invest Baden"]

1. e4 c6 2. d4 d5 3. f3 e6 4. Nc3 Nf6 5. e5 Nfd7 6. f4 c5 7. Nf3 Nc6 8. Be3 a6
9. Qd2 b5 10. a3 Be7 11. Qf2 c4 12. Qg3 g6 13. Be2 Nb6 14. O-O Rb8 15. Qh3 h5
16. Bf2 Kf8 17. Kh1 Kg8 18. Nd1 Na8 19. Ne3 Nc7 20. c3 Ne8 21. Bh4 Bxh4 22.
Nxh4 a5 23. Qg3 Ng7 24. Bd1 Bd7 25. Bc2 Ne7 26. Nf3 Kf8 27. Qf2 Bc6 28. g3 Ngf5
29. Kg2 Kg7 30. Rfe1 Qb6 31. Bxf5 gxf5 32. h4 b4 33. axb4 axb4 34. Ng5 Ra8 35.
Qe2 Kg6 36. Reb1 Rhb8 37. Rxa8 Rxa8 38. Qe1 Ra2 39. Kg1 Qa7 40. Nf3 Ba4 41. Ra1
Rxb2 42. Nd1 Rb3 0-1

[Event "Aut_chT1112"]
[Site "Jenbach"]
[Date "2012.03.04"]
[Round "7"]
[Board "1"]
[White "Kunin, Vitaly"]
[Black "Rapport, Richard"]
[Result "0-1"]
[WhiteElo "2524"]
[BlackElo "2559"]
[PlyCount "80"]
[EventDate "2012.01.20"]
[EventType "team"]
[EventRounds "11"]
[EventCountry "AUT"]
[WhiteTeam "SpGem. Kufstein Woergl"]
[BlackTeam "SK Sparkasse Fuerstenfeld"]

1. g3 Nc6 2. Bg2 e5 3. c4 f5 4. Nc3 Nf6 5. d3 Bb4 6. Bd2 O-O 7. a3 Bxc3 8. Bxc3
d6 9. e3 Qe8 10. Ne2 Kh8 11. b4 Bd7 12. O-O Qh5 13. b5 Ne7 14. Qd2 Ng6 15. f4
Rae8 16. Rae1 b6 17. h3 Rf7 18. Kf2 Nf8 19. a4 Bc8 20. a5 N8d7 21. axb6 axb6
22. Bb4 e4 23. d4 g5 24. Ra1 Nf8 25. d5 Ng6 26. Qd4 Kg8 27. Ra3 Nd7 28. Rg1
Nde5 29. fxe5 dxe5 30. Qd1 f4 31. Bxe4 f3 32. g4 Qxh3 33. Nc1 Qh4+ 34. Kf1 Bxg4
35. Rxg4 Qxg4 36. Qc2 Qh3+ 37. Ke1 f2+ 38. Qxf2 Rxf2 39. Kxf2 Qh4+ 40. Kf3 Qh1+
0-1

[Event "Aut_chT1112"]
[Site "Jenbach"]
[Date "2012.03.04"]
[Round "7"]
[Board "2"]
[White "Hera, Imre"]
[Black "Zelbel, Patrick"]
[Result "1-0"]
[WhiteElo "2555"]
[BlackElo "2379"]
[PlyCount "81"]
[EventDate "2012.01.20"]
[EventType "team"]
[EventRounds "11"]
[EventCountry "AUT"]
[WhiteTeam "SK Sparkasse Fuerstenfeld"]
[BlackTeam "SpGem. Kufstein Woergl"]

1. d4 g6 2. Nf3 Bg7 3. g3 c5 4. d5 d6 5. c4 e6 6. Nc3 Nf6 7. dxe6 Bxe6 8. Bf4
d5 9. Bg2 Nc6 10. Ng5 d4 11. Nb5 O-O 12. Nxe6 fxe6 13. Bc7 Qd7 14. Bd6 a6 15.
Bxf8 Rxf8 16. Na3 e5 17. Bd5+ Kh8 18. e4 dxe3 19. O-O exf2+ 20. Rxf2 Nd4 21.
Nc2 Bh6 22. Qd3 Nxc2 23. Rxc2 b5 24. Rf1 bxc4 25. Bxc4 Qxd3 26. Bxd3 Be3+ 27.
Kg2 a5 28. g4 h6 29. Bxg6 Kg7 30. Bf5 Bd4 31. Re1 h5 32. h3 Nd5 33. Kf3 Nb4 34.
Rg2 h4 35. Ke4 Rb8 36. g5 Nc6 37. Be6 Rb4 38. a3 Rb6 39. Rf1 Nd8 40. Bd5 Kg6
41. Rf8 1-0

[Event "Aut_chT1112"]
[Site "Jenbach"]
[Date "2012.03.04"]
[Round "7"]
[Board "3"]
[White "Koepke, Christian"]
[Black "Pinter, Jozsef"]
[Result "1-0"]
[WhiteElo "2398"]
[BlackElo "2548"]
[PlyCount "79"]
[EventDate "2012.01.20"]
[EventType "team"]
[EventRounds "11"]
[EventCountry "AUT"]
[WhiteTeam "SpGem. Kufstein Woergl"]
[BlackTeam "SK Sparkasse Fuerstenfeld"]

1. e4 e5 2. Nf3 Nc6 3. Bb5 a6 4. Ba4 Nf6 5. O-O Be7 6. Re1 b5 7. Bb3 O-O 8. d4
Nxd4 9. Nxd4 exd4 10. e5 Ne8 11. c3 dxc3 12. Nxc3 Bb7 13. Nd5 Bxd5 14. Qxd5 c6
15. Qe4 Nc7 16. Be3 Ne6 17. Rad1 Qc7 18. Qg4 Qxe5 19. f4 h5 20. Qh3 Qf6 21. f5
Ng5 22. Qxh5 Rae8 23. Bxg5 Qxg5 24. Bxf7+ Rxf7 25. Qxg5 Bxg5 26. Rxe8+ Kh7 27.
g4 a5 28. Kg2 a4 29. h4 Bf4 30. b3 axb3 31. axb3 c5 32. Kf3 Bh2 33. Ra1 g6 34.
Raa8 gxf5 35. Rh8+ Kg7 36. g5 Re7 37. h5 Be5 38. Rag8+ Kf7 39. Rh7+ Kxg8 40.
Rxe7 1-0

[Event "Aut_chT1112"]
[Site "Jenbach"]
[Date "2012.03.04"]
[Round "7"]
[Board "4"]
[White "Schenk, Andreas"]
[Black "Neuschmied, Siegfried"]
[Result "1/2-1/2"]
[WhiteElo "2499"]
[BlackElo "2308"]
[PlyCount "92"]
[EventDate "2012.01.20"]
[EventType "team"]
[EventRounds "11"]
[EventCountry "AUT"]
[WhiteTeam "SK Sparkasse Fuerstenfeld"]
[BlackTeam "SpGem. Kufstein Woergl"]

1. d4 Nf6 2. c4 g6 3. Nc3 Bg7 4. e4 O-O 5. Nf3 d6 6. Be2 e5 7. Be3 Na6 8. d5
Ng4 9. Bg5 f6 10. Bh4 Nh6 11. Nd2 c5 12. dxc6 bxc6 13. O-O Nc7 14. Nb3 Ne6 15.
c5 dxc5 16. Na4 Qe7 17. Rc1 Rd8 18. Qe1 Nf7 19. Naxc5 Nf4 20. Bc4 Kh8 21. f3
Nd6 22. Qa5 Nxc4 23. Rxc4 g5 24. Bg3 Ne2+ 25. Kf2 Nxg3 26. hxg3 g4 27. Re1 gxf3
28. gxf3 f5 29. exf5 Bxf5 30. Ne4 Qe6 31. Qc3 Qh6 32. Rg1 Rac8 33. Qc1 Qg6 34.
Nbc5 Rd4 35. g4 Bxe4 36. Nxe4 Rf8 37. Rxd4 exd4 38. Qc2 Qh6 39. Kg2 Qf4 40. Qd3
Be5 41. Rh1 Rf7 42. b3 c5 43. Rh3 Qc1 44. Rh1 Qf4 45. Rh3 Qc1 46. Rh1 Qf4
1/2-1/2

[Event "Aut_chT1112"]
[Site "Jenbach"]
[Date "2012.03.04"]
[Round "7"]
[Board "5"]
[White "Maurer, Jochen"]
[Black "Poetz, Florian"]
[Result "1/2-1/2"]
[WhiteElo "2276"]
[BlackElo "2419"]
[PlyCount "146"]
[EventDate "2012.01.20"]
[EventType "team"]
[EventRounds "11"]
[EventCountry "AUT"]
[WhiteTeam "SpGem. Kufstein Woergl"]
[BlackTeam "SK Sparkasse Fuerstenfeld"]

1. e4 c5 2. Nf3 e6 3. d4 cxd4 4. Nxd4 a6 5. Nc3 Qc7 6. Qf3 Nf6 7. Bg5 Be7 8.
O-O-O d6 9. Be2 Nbd7 10. Rhe1 Rb8 11. Qg3 Nc5 12. f4 O-O 13. Bd3 Ne8 14. e5
Bxg5 15. Qxg5 h6 16. Qh5 b5 17. g4 b4 18. Ne4 Nxe4 19. Bxe4 dxe5 20. fxe5 Bb7
21. Bd3 Qe7 22. h4 Rd8 23. g5 Rxd4 24. Bh7+ Kxh7 25. Rxd4 Nc7 26. gxh6 g6 27.
Qg5 Re8 28. Qxe7 Rxe7 29. Rxb4 Nd5 30. Rd4 Kxh6 31. c4 Rc7 32. Kd2 Ne7 33. Kd3
Nf5 34. Rd8 Kh7 35. b4 Nxh4 36. a4 Nf3 37. Re3 g5 38. b5 axb5 39. cxb5 Kg6 40.
a5 Kf5 41. a6 Nxe5+ 42. Ke2 Bh1 43. Rb3 Rc2+ 44. Rd2 Rxd2+ 45. Kxd2 Nc4+ 46.
Kc3 Nb6 47. Kb4 Ke5 48. Ka5 Nc4+ 49. Kb4 Nb6 50. Ka5 Nc4+ 51. Kb4 Kd6 52. Rg3
Bd5 53. Rxg5 Kc7 54. Kc5 Nb6 55. Rg7 Nd7+ 56. Kd4 Kd6 57. a7 e5+ 58. Kc3 Nb6
59. Kb4 e4 60. Ka5 Kc7 61. Rg8 e3 62. Re8 Nc4+ 63. Kb4 Nb6 64. Rxe3 Be6 65. Kc5
Nd7+ 66. Kb4 Kb7 67. Ra3 Nb6 68. Ra6 Na8 69. Kc5 Bb3 70. Ra3 Be6 71. Ra6 Bb3
72. Ra3 Be6 73. Ra6 Bb3 1/2-1/2

[Event "Aut_chT1112"]
[Site "Jenbach"]
[Date "2012.03.04"]
[Round "7"]
[Board "6"]
[White "Kuba, Guenter"]
[Black "Rusche, Johannes"]
[Result "1-0"]
[WhiteElo "2384"]
[BlackElo "2233"]
[PlyCount "85"]
[EventDate "2012.01.20"]
[EventType "team"]
[EventRounds "11"]
[EventCountry "AUT"]
[WhiteTeam "SK Sparkasse Fuerstenfeld"]
[BlackTeam "SpGem. Kufstein Woergl"]

1. e4 e5 2. Nf3 Nc6 3. Bc4 Bc5 4. c3 Nf6 5. d3 a6 6. Bb3 d6 7. h3 Ba7 8. Nbd2
h6 9. Nf1 d5 10. Qe2 O-O 11. Ng3 Re8 12. O-O Be6 13. Rd1 Qe7 14. Nh4 Na5 15.
Nhf5 Qf8 16. Bxd5 Bxd5 17. exd5 Nxd5 18. Nh5 Nf4 19. Bxf4 exf4 20. Qf3 g6 21.
Nf6+ Kh8 22. Nxe8 Rxe8 23. Nh4 Qd6 24. Re1 Rd8 25. d4 c6 26. Qe4 Bb8 27. Nf3
Kg7 28. Rad1 Nc4 29. b3 Nb6 30. Qe5+ Kg8 31. Qxd6 Bxd6 32. c4 Bf8 33. a4 a5 34.
Re4 g5 35. Rde1 f6 36. Re8 Rd7 37. Rb8 Kf7 38. Ree8 Be7 39. Rh8 Kg7 40. Rbg8+
Kf7 41. h4 Rc7 42. Kh2 Nd7 43. Rc8 1-0

[Event "Aut_chT1112"]
[Site "Jenbach"]
[Date "2012.03.04"]
[Round "7"]
[Board "2"]
[White "Balogh, Csaba"]
[Black "Blatny, Pavel"]
[Result "1-0"]
[WhiteElo "2664"]
[BlackElo "2396"]
[PlyCount "75"]
[EventDate "2012.01.20"]
[EventType "team"]
[EventRounds "11"]
[EventCountry "AUT"]
[WhiteTeam "SK Advisory Invest Baden"]
[BlackTeam "SK Zwettl"]

1. e4 e5 2. Nf3 Nc6 3. Bb5 a6 4. Ba4 Nf6 5. O-O Be7 6. d3 b5 7. Bb3 d6 8. a4
Bg4 9. c3 O-O 10. Nbd2 Rb8 11. h3 Be6 12. Re1 Nd7 13. Bd5 Na7 14. axb5 Nxb5 15.
c4 Nd4 16. Nxd4 exd4 17. Nf3 Bf6 18. Rxa6 Nc5 19. Ra3 Rb6 20. Bxe6 fxe6 21. e5
dxe5 22. Nxe5 Be7 23. b4 Nd7 24. c5 Nxe5 25. cxb6 Qd5 26. Qb3 Qd6 27. f4 Nf7
28. Rxe6 Qxb4 29. Qxb4 Bxb4 30. Rb3 Nd8 31. Re4 c5 32. Ba3 Nc6 33. Bxb4 Nxb4
34. Re5 Rb8 35. Rxc5 Rxb6 36. Rc4 Nd5 37. Rxb6 Nxb6 38. Rxd4 1-0

[Event "Aut_chT1112"]
[Site "Jenbach"]
[Date "2012.03.04"]
[Round "7"]
[Board "3"]
[White "Schroll, Gerhard"]
[Black "Socko, Bartosz"]
[Result "0-1"]
[WhiteElo "2388"]
[BlackElo "2647"]
[PlyCount "83"]
[EventDate "2012.01.20"]
[EventType "team"]
[EventRounds "11"]
[EventCountry "AUT"]
[WhiteTeam "SK Zwettl"]
[BlackTeam "SK Advisory Invest Baden"]

1. e4 c5 2. c3 e6 3. d4 d5 4. exd5 exd5 5. Be3 c4 6. b3 cxb3 7. axb3 Nc6 8. Bd3
Bd6 9. Qf3 Nge7 10. Ne2 O-O 11. O-O Ng6 12. Qh5 Re8 13. Nd2 Nf8 14. Rfe1 Be6
15. Bf4 Be7 16. b4 Qd7 17. h3 g6 18. Qf3 Bf5 19. Nb3 Bxd3 20. Qxd3 b6 21. Bd2
Bd6 22. Kf1 Rac8 23. Qf3 Ne7 24. Qd3 Ne6 25. g3 Bb8 26. Kg2 Nf5 27. Rec1 h5 28.
Qf3 Qd6 29. h4 Re7 30. Kf1 Qd7 31. Kg2 Rce8 32. Ng1 Qb5 33. Rab1 Nd6 34. Nh3
Nc4 35. Bh6 Kh7 36. Bg5 Nxg5 37. Nxg5+ Kg7 38. Re1 f6 39. Rxe7+ Rxe7 40. Nh3
Qa4 41. Qd1 Qa2 42. Kg1 0-1

[Event "Aut_chT1112"]
[Site "Jenbach"]
[Date "2012.03.04"]
[Round "7"]
[Board "4"]
[White "Jankovic, Alojzije"]
[Black "Vyskocil, Neklan"]
[Result "1-0"]
[WhiteElo "2553"]
[BlackElo "2320"]
[PlyCount "67"]
[EventDate "2012.01.20"]
[EventType "team"]
[EventRounds "11"]
[EventCountry "AUT"]
[WhiteTeam "SK Advisory Invest Baden"]
[BlackTeam "SK Zwettl"]

1. d4 Nf6 2. c4 e6 3. Nf3 b6 4. g3 Bb4+ 5. Bd2 Be7 6. Bg2 Bb7 7. Nc3 d5 8. cxd5
exd5 9. Qa4+ c6 10. Bg5 O-O 11. O-O h6 12. Bxf6 Bxf6 13. e4 Re8 14. Rfe1 Nd7
15. exd5 Rxe1+ 16. Nxe1 c5 17. Nc2 a6 18. dxc5 Nxc5 19. Qc4 Rc8 20. Nb4 Na4 21.
Nc6 Bxc6 22. dxc6 Nxb2 23. Qb3 Qd4 24. Nd5 Rxc6 25. Ne7+ Bxe7 26. Bxc6 Nd3 27.
Rf1 Bc5 28. Qd5 Qxd5 29. Bxd5 b5 30. Bb7 a5 31. Ba6 Nb4 32. Bxb5 Nxa2 33. Ra1
Nc3 34. Rxa5 1-0

[Event "Aut_chT1112"]
[Site "Jenbach"]
[Date "2012.03.04"]
[Round "7"]
[Board "5"]
[White "Buchnicek, Petr"]
[Black "Shengelia, David"]
[Result "1-0"]
[WhiteElo "2330"]
[BlackElo "2558"]
[PlyCount "83"]
[EventDate "2012.01.20"]
[EventType "team"]
[EventRounds "11"]
[EventCountry "AUT"]
[WhiteTeam "SK Zwettl"]
[BlackTeam "SK Advisory Invest Baden"]

1. e4 c5 2. c3 d5 3. exd5 Qxd5 4. d4 Nc6 5. Nf3 Nf6 6. Be2 cxd4 7. cxd4 e6 8.
O-O Be7 9. Nc3 Qa5 10. a3 O-O 11. Qb3 Rd8 12. Rd1 a6 13. Be3 b5 14. Ne5 Bb7 15.
Bf3 Qc7 16. Bxc6 Bxc6 17. Rac1 Bb7 18. Ne4 Qb8 19. Ng5 Bd5 20. Qd3 Qb7 21.
Ngxf7 Rf8 22. Ng5 Bxg2 23. f3 h6 24. Nxe6 Bh3 25. Rc7 Qd5 26. Rxe7 Bxe6 27. Qg6
Rf7 28. Nxf7 Bxf7 29. Qg3 Nh5 30. Qh3 Rd8 31. Rc1 Rd6 32. Re5 Qb3 33. Qc8+ Kh7
34. Qc2+ Rg6+ 35. Kf2 Qxc2+ 36. Rxc2 Rd6 37. Rc7 Bg6 38. d5 Rd8 39. Bd4 Kg8 40.
Ree7 Rxd5 41. Bxg7 Rd2+ 42. Ke1 1-0

[Event "Aut_chT1112"]
[Site "Jenbach"]
[Date "2012.03.04"]
[Round "7"]
[Board "6"]
[White "Lendwai, Reinhard"]
[Black "Wagner, Stefan"]
[Result "0-1"]
[WhiteElo "2395"]
[BlackElo "2156"]
[PlyCount "80"]
[EventDate "2012.01.20"]
[EventType "team"]
[EventRounds "11"]
[EventCountry "AUT"]
[WhiteTeam "SK Advisory Invest Baden"]
[BlackTeam "SK Zwettl"]

1. d4 Nf6 2. Bg5 e6 3. e4 h6 4. Bxf6 Qxf6 5. c3 d6 6. Bd3 Nd7 7. Ne2 g6 8. O-O
Bg7 9. f4 Qe7 10. e5 h5 11. Nd2 Nb6 12. Ne4 Bd7 13. a4 Bc6 14. Bb5 Nd7 15. Bxc6
bxc6 16. a5 O-O 17. Qa4 d5 18. Nf2 c5 19. Nd3 cxd4 20. cxd4 c5 21. Qa3 Rfc8 22.
Rfc1 Bf8 23. dxc5 Nxc5 24. Nd4 Nxd3 25. Qxd3 Qb4 26. Kh1 Qxb2 27. Rcb1 Qc3 28.
Qd1 Qe3 29. Ne2 Rc4 30. Rb3 Qe4 31. Rab1 Rac8 32. h3 Bh6 33. Rf3 h4 34. Qd3
Qxd3 35. Rxd3 Ra4 36. Rb5 Ra2 37. Re3 Rcc2 38. Nc3 Ra1+ 39. Rb1 Rxb1+ 40. Nxb1
Rc1+ 0-1

[Event "Aut_chT1112"]
[Site "Jenbach"]
[Date "2012.03.04"]
[Round "7"]
[Board "4"]
[White "Bischoff, Klaus"]
[Black "Schramm, Christian"]
[Result "0-1"]
[WhiteElo "2521"]
[BlackElo "2371"]
[PlyCount "90"]
[EventDate "2012.01.20"]
[EventType "team"]
[EventRounds "11"]
[EventCountry "AUT"]
[WhiteTeam "SK Sparkasse Jenbach"]
[BlackTeam "SIR Bernhard Glatz"]

1. c4 e5 2. Nc3 Nf6 3. Nf3 Nc6 4. d3 d5 5. cxd5 Nxd5 6. e3 Be6 7. Be2 g6 8. Bd2
Bg7 9. a3 O-O 10. O-O h6 11. Qc2 Nxc3 12. Bxc3 g5 13. b4 g4 14. Nd2 a6 15. Rfe1
f5 16. Bf1 h5 17. Bb2 Qd7 18. Nb3 Bxb3 19. Qxb3+ Qf7 20. Qxf7+ Kxf7 21. Rac1
Rfe8 22. g3 Rad8 23. Rc4 e4 24. Bxg7 Kxg7 25. d4 Rd7 26. Rec1 Rc8 27. Rc5 Ne7
28. Bc4 Kf6 29. Bb3 c6 30. Kg2 Rh8 31. h3 gxh3+ 32. Kxh3 h4 33. g4 fxg4+ 34.
Kxg4 h3 35. Kf4 h2 36. Rh1 b6 37. Rcc1 Rh4+ 38. Kg3 Nf5+ 39. Kg2 Rg7+ 40. Kf1
c5 41. dxc5 Rg1+ 42. Ke2 Rxc1 43. Rxc1 h1=Q 44. Rxh1 Rxh1 45. cxb6 Ke5 0-1

[Event "Aut_chT1112"]
[Site "Jenbach"]
[Date "2012.03.04"]
[Round "7"]
[Board "5"]
[White "Mons, Leon"]
[Black "Boensch, Uwe"]
[Result "0-1"]
[WhiteElo "2298"]
[BlackElo "2530"]
[PlyCount "66"]
[EventDate "2012.01.20"]
[EventType "team"]
[EventRounds "11"]
[EventCountry "AUT"]
[WhiteTeam "SIR Bernhard Glatz"]
[BlackTeam "SK Sparkasse Jenbach"]

1. e4 c5 2. Nf3 d6 3. d4 cxd4 4. Nxd4 Nf6 5. Nc3 e6 6. g4 a6 7. g5 Nfd7 8. Be3
b5 9. a3 Bb7 10. h4 Nb6 11. Qh5 g6 12. Qg4 N8d7 13. h5 Ne5 14. Qg3 Rc8 15. f4
Rxc3 16. bxc3 Bxe4 17. Bg2 Qa8 18. fxe5 Bxg2 19. Rh2 Be4 20. Nxe6 fxe6 21. Bxb6
d5 22. Bd4 Be7 23. Rf2 Bf5 24. a4 bxa4 25. Rxa4 Qb7 26. Kd2 O-O 27. hxg6 hxg6
28. Be3 Qb1 29. Rxf5 Rxf5 30. Rf4 Ba3 31. Qf3 Bc1+ 32. Ke2 Qxc2+ 33. Kf1 Bxe3
0-1

[Event "Aut_chT1112"]
[Site "Jenbach"]
[Date "2012.03.04"]
[Round "7"]
[Board "6"]
[White "Reich, Thomas"]
[Black "Huch, Reiner"]
[Result "1/2-1/2"]
[WhiteElo "2388"]
[BlackElo "2321"]
[PlyCount "81"]
[EventDate "2012.01.20"]
[EventType "team"]
[EventRounds "11"]
[EventCountry "AUT"]
[WhiteTeam "SK Sparkasse Jenbach"]
[BlackTeam "SIR Bernhard Glatz"]

1. d4 d5 2. Bf4 Nf6 3. e3 e6 4. Nf3 c5 5. c3 Nc6 6. Nbd2 Bd6 7. Bg3 O-O 8. Bd3
Qe7 9. Ne5 Bxe5 10. dxe5 Nd7 11. Nf3 f6 12. exf6 Nxf6 13. O-O Bd7 14. Qe2 Be8
15. Ne5 Nxe5 16. Bxe5 Nd7 17. Bg3 Qf6 18. e4 Bg6 19. exd5 exd5 20. Bxg6 Qxg6
21. Qb5 Qc6 22. a4 Rfe8 23. Rfe1 c4 24. Qxc6 bxc6 25. Bd6 Kf7 26. f3 Re6 27.
Rxe6 Kxe6 28. Bb4 c5 29. Re1+ Kd6 30. Ba3 Rb8 31. a5 Rc8 32. g4 Ne5 33. Re3 a6
34. Kg2 Rb8 35. Kg3 Nd3 36. Re2 Rf8 37. h4 g6 38. Re3 Nf4 39. Re1 Nd3 40. Re3
Nf4 41. Re1 1/2-1/2

[Event "Aut_chT1112"]
[Site "Jenbach"]
[Date "2012.03.04"]
[Round "7"]
[Board "1"]
[White "Bosiocic, Marin"]
[Black "Lenic, Luka"]
[Result "1/2-1/2"]
[WhiteElo "2562"]
[BlackElo "2637"]
[PlyCount "71"]
[EventDate "2012.01.20"]
[EventType "team"]
[EventRounds "11"]
[EventCountry "AUT"]
[WhiteTeam "ASVOE Signum Druck St. Veit/Glan"]
[BlackTeam "SV Raika Rapid Feffernitz"]

1. d4 d5 2. c4 c6 3. Nc3 Nf6 4. e3 g6 5. Nf3 Bg7 6. Be2 O-O 7. O-O Be6 8. b3
Ne4 9. Bb2 Nxc3 10. Bxc3 Bg4 11. cxd5 cxd5 12. h3 Bxf3 13. Bxf3 Nc6 14. b4 e6
15. Qa4 Ne7 16. b5 Qd7 17. Rfc1 Nc8 18. Be2 Nb6 19. Qb3 Rfc8 20. Bd2 Bf8 21. a4
Rxc1+ 22. Rxc1 Rc8 23. Rxc8 Nxc8 24. Qc2 Nd6 25. Bd3 Qc8 26. Qxc8 Nxc8 27. Kf1
Bd6 28. Ke2 Kf8 29. f3 Ke7 30. g4 Nb6 31. Bc2 Nd7 32. Be1 h6 33. h4 Nf6 34. Kd3
h5 35. Bd1 Kd7 36. g5 1/2-1/2